| 000 | 01038nam a22002777a 4500 | ||
|---|---|---|---|
| 001 | 4287 | ||
| 003 | FISKH | ||
| 005 | 20250124092736.0 | ||
| 008 | 240712b cb ||||| |||| 00| 0 eng d | ||
| 020 | _a076645060181 | ||
| 040 |
_aFISKH _beng _cFISKH _dFISKH |
||
| 050 | _aPZ7 | ||
| 082 | _a372.4 | ||
| 100 | _aGregorich, Barbara | ||
| 245 |
_aThe big race / _cWritten by Barbara Gregorich ; Illustrated by Barbara Alexander |
||
| 260 |
_aMichigan : _bSchool Zone, _c1819. |
||
| 300 |
_a16 pages : _bcolor illustrations ; _c23 cm |
||
| 505 | _aG | ||
| 520 | _a"Start your child on an exciting reading adventure. This program will help your child understand basic reading concepts, develop reading skills and vocabulary, and accelerate learning. Your child will love learning to read with School Zone's 'Start to Read! | ||
| 521 | 8 |
_a370
_bLexile estimate |
|
| 521 | 8 |
_aG
_bRaz-Plus |
|
| 650 |
_aFriendship _vFiction _xSports |
||
| 700 |
_aAlexander, Barbara _eillustrator |
||
| 942 |
_2ddc _cBK _n0 |
||
| 999 |
_c4287 _d4287 |
||